| 000 | 00318nam a2200109Ia 4500 | ||
|---|---|---|---|
| 008 | 190216s9999||||xx |||||||||||||| ||und|| | ||
| 100 | _a"Sreedharan K, Nambissian Kmu&Amp; Namboodhiripad" | ||
| 245 | 0 | _aKerala Medical Entrance Examination | |
| 260 |
_b"Sun Publications, Calicut" _c1984 |
||
| 300 | _a334p | ||
| 942 | _cREF | ||
| 999 |
_c35526 _d35526 |
||